[Event "36th European Club Cup 2021"]
[Site "Struga"]
[Date "2021.09.22"]
[Round "5.14"]
[White "Tari, Aryan"]
[Black "Dubov, Daniil"]
[Result "0-1"]
[WhiteElo "2642"]
[BlackElo "2714"]
[Annotator "TA"]
[PlyCount "88"]
[EventDate "2021.09.18"]
[EventType "team-tourn"]
[EventCountry "MKD"]
[SourceTitle "playchess.com"]
[Source "ChessBase"]
[SourceQuality "1"]

{[%evp 12,88,53,24,34,37,41,29,33,27,73,20,45,-47,-42,-120,-139,-129,-133,-150,
-157,-155,-149,-193,-187,-203,-190,-198,-198,-168,-174,-256,-279,-276,-250,
-312,-140,-167,-123,-202,-197,-328,-232,-382,-382,-369,-372,-738,-723,-960,
-793,-1278,-1066,-1350,-1343,-1185,-1104,-1502,-820,-1068,-1059,-1059,-1095,
-958,-618,-604,-602,-595,-594,-971,-957,-1041,-918,-3563,-2995,-12838,-12839,
-12845,-12845]} 1. e4 e5 2. Nf3 Nc6 3. Bb5 a6 4. Ba4 Nf6 5. O-O Bc5 6. c3 b5 7.
Bc2 {And now d4 would win.} d5 {C78: Ruy Lopez: Archangelsk and Möller
Defences.} 8. d4 dxe4 {[%cal Re5d4]} 9. Nxe5 Nxe5 {White has an edge.} 10. dxc5
{[#]} Bb7 $5 $146 {[%mdl 8] An interesting novelty.} ({Predecessor:} 10... Qe7
11. Bg5 Bb7 12. Nd2 O-O-O 13. Qe2 Nd3 14. a4 Qe5 15. Be3 h5 16. axb5 Ng4 {
1/2-1/2 (49) So,W (2772)-Le,Q (2709) chess24.com INT 2021}) 11. Bg5 ({White
should try} 11. Qxd8+ $16 Kxd8 12. Rd1+ Kc8 13. Bg5) 11... h6 12. Bxf6 ({
White should play} 12. Qxd8+ $14 Kxd8 13. Rd1+ Ke7 14. Bf4) 12... Qxf6 $15 13.
Re1 ({Better is} 13. Qe2 $15) 13... Rd8 $17 14. Qe2 O-O $1 15. Nd2 Nd3 $1 {
[%cal Rd3f4]} 16. Bxd3 exd3 17. Qe3 {[#]} Rfe8 $1 {[%cal Re8e3]} 18. Qxe8+ Rxe8
19. Rxe8+ Kh7 {Hoping for ...Qc6!} 20. Re3 Qg5 $40 {[%csl Gb7][%cal Rg5g2]
[%mdl 128] Black attacks with force.} 21. Nf3 (21. g3 $142) 21... Bxf3 $19 ({
Inferior is} 21... Qxc5 22. Rxd3 Be4 23. b4 $11) 22. Rxf3 {[%mdl 4096] Endgame
[#] KQ-KRR} Qd2 {[%cal Rd2c2] aiming for ...Qc2.} 23. Rxf7 c6 (23... Qxb2 $19 {
[%cal Rb2a1] and Black stays clearly on top.} 24. Rf1 d2) 24. Rd7 $17 a5 {
[%cal Ba6a5,Ba5a4][%mdl 1056] Black has strong compensation.} 25. h4 (25. b3
$17) 25... a4 26. h5 (26. b3 {was worth a try.}) 26... Qc2 27. Rd6 (27. Rf1
$142) 27... d2 $19 {Strongly threatening ...Qc1+.} 28. Rf1 Qxb2 29. Rxc6 $2 (
29. Rd1 Qxa2 30. R6xd2) 29... Qxa2 {Black is clearly winning.} 30. Rd6 Qc2 31.
c6 Qxc3 32. Rd1 a3 33. R6xd2 Qxc6 34. Rd6 Qc2 35. R6d2 Qa4 36. Ra1 b4 37. Rda2
Kg8 38. g3 Kf7 39. Kh2 Kf6 40. f4 Qd7 41. Re2 Qd6 42. Kh3 b3 {[%cal Bb4b3,
Bb3b2][%mdl 32]} 43. Re3 a2 44. f5 b2 {Weighted Error Value: White=0.95/
Black=0.39} 0-1

[Event "36th European Club Cup 2021"]
[Site "Struga"]
[Date "2021.09.22"]
[Round "5.15"]
[White "Kryvoruchko, Yuriy"]
[Black "Christiansen, Johan-Sebastian"]
[Result "1-0"]
[WhiteElo "2689"]
[BlackElo "2609"]
[Annotator "TA"]
[PlyCount "53"]
[EventDate "2021.09.18"]
[EventType "team-tourn"]
[EventCountry "MKD"]
[SourceTitle "playchess.com"]
[Source "ChessBase"]
[SourceQuality "1"]

{[%evp 11,53,-9,0,-26,-20,-36,-14,-22,0,0,0,-2,0,0,0,0,0,0,0,0,139,138,131,131,
135,139,299,288,942,942,942,942,941,934,934,931,927,906,1510,1501,1482,1339,
1057,971]} 1. e4 e6 2. d4 d5 3. e5 c5 4. c3 Qb6 5. Nf3 Nc6 6. Bd3 cxd4 7. O-O {
C02: French: Advance Variation.} Bd7 8. Re1 $1 {[%mdl 4] now scores much
better than the old 8.cxd4.} Rc8 9. Nbd2 {The position is equal.} Nge7 {[#]}
10. Nb3 $146 {[%cal Rb3d4]} ({Predecessor:} 10. Rb1 Ng6 11. Nb3 dxc3 12. bxc3
Qc7 13. Nbd4 a6 14. Qe2 Be7 15. g3 O-O 16. h4 {1-0 (36) Hector,J (2465)
-Brynell,S (2422) Malmo 2021}) 10... dxc3 11. bxc3 Na5 12. Be3 Qc7 13. Nxa5
Qxa5 14. Rb1 b6 15. Qe2 Nf5 (15... Ng6 $11 {remains equal.}) 16. Bxf5 $16 exf5
17. e6 $1 {[%cal Re6d7]} Bxe6 (17... fxe6 $2 18. Ne5) 18. Nd4 Be7 {[#] Black
cannot hold the game after this.} ({Don't go for} 18... Rxc3 $2 19. Nxe6 Rc4
20. Bxb6 $1 $18 {[%mdl 512]}) ({Avoid the trap} 18... Qxc3 $2 19. Qb5+ Kd8 20.
Bg5+ Kc7 21. Rbc1 $18) (18... Bc5 $16) 19. Bg5 $1 $18 {[%mdl 512]} Qc5 $2 ({
But not} 19... Bxg5 20. Nxe6 Kd7 21. Nxg5 $18) (19... O-O) (19... O-O 20. Bxe7)
20. Nxe6 {White is clearly winning.} fxe6 21. Qxe6 {[%cal Rg5e7][%mdl 64]
Double Attack} Rc7 22. Rbd1 Rd7 23. Re5 h6 24. Qg6+ {[%mdl 64] Double Attack}
Kf8 25. Qxf5+ {[%mdl 64] Double Attack} Ke8 26. Bxe7 Rxe7 27. Rde1 {Weighted
Error Value: White=0.02/Black=0.44} 1-0

[Event "36th European Club Cup 2021"]
[Site "Struga"]
[Date "2021.09.22"]
[Round "5.16"]
[White "Urkedal, Frode Olav Olsen"]
[Black "Inarkiev, Ernesto"]
[Result "0-1"]
[WhiteElo "2568"]
[BlackElo "2663"]
[Annotator "TA"]
[PlyCount "78"]
[EventDate "2021.09.18"]
[EventType "team-tourn"]
[EventCountry "MKD"]
[SourceTitle "playchess.com"]
[Source "ChessBase"]
[SourceQuality "1"]

{[%evp 9,78,16,14,0,0,0,0,0,1,0,0,0,0,0,0,0,0,0,0,0,0,-22,0,0,0,-49,0,0,0,0,0,
0,0,0,0,-91,-105,-80,0,-9,0,0,197,0,0,0,0,-222,-227,-218,-225,-253,-249,-222,
-247,-240,-228,-235,-228,-418,-412,-412,-411,-368,-380,-449,-449,-426,-418,
-605,-438]} 1. d4 Nf6 2. c4 e6 3. Nf3 d5 4. Nc3 dxc4 5. e4 Bb4 6. Bxc4 {
D24: Queen's Gambit Accepted: 3 Nf3 Nf6 4 Nc3.} Nxe4 7. O-O Nxc3 8. bxc3 {
The position is equal.} Be7 9. Qe2 O-O 10. Rd1 Nd7 11. Rd3 b6 12. Ne5 Bb7 {[#]}
13. Rg3 $146 {And now Bh6 would win.} ({Predecessor:} 13. Nxf7 Rxf7 14. Qxe6
Qe8 15. Re3 Kf8 16. Bd2 Nf6 17. Rae1 Bd6 18. Qh3 Qc6 19. Bxf7 Kxf7 {1/2-1/2 
(28) Petrov,N (2512)-Nihal,S (2340) Sitges 2016}) 13... Nxe5 14. dxe5 (14. Qxe5
Bf6 $17) 14... Kh8 15. Bf4 (15. Bd3 {keeps more tension.} g6 16. Bh6 Rg8 17.
Re1 Qe8 18. Qg4) 15... c5 16. Re1 g6 17. h4 Bxh4 18. Rh3 Bg5 19. Qe3 Bxf4 20.
Qxf4 {Intending Qh6! and mate.} f6 21. Qh6 {[%csl Gh3][%cal Rh6h7]} Qe7 22.
Qxg6 (22. Bxe6 $11 {keeps the balance.} fxe5 23. Rxe5 (23. Qxg6 Bxg2 24. Kxg2
Rg8 $15)) 22... Rg8 $36 {[%mdl 2048] Black has strong initiative.} 23. exf6
Rxg6 (23... Qc7 $17 24. Qh5 Bxg2) 24. fxe7 $11 Rxg2+ 25. Kf1 Rg4 $2 {[#]} (
25... Rg6 $11 {and Black is okay.} 26. Bd3 Bg2+ 27. Kg1 Be4+ 28. Kf1 (28. Kh2
Bxd3 29. Rxd3 Rag8 $11) 28... Bg2+ {[%mdl 64] Double Attack} 29. Kg1 Be4+ 30.
Kf1 (30. Kh2 Bxd3 31. Rxd3 Rag8 $11) 30... Bg2+ {[%mdl 64] Double Attack}) 26.
Rd3 $1 Bg2+ 27. Ke2 Re8 $1 ({Don't blunder} 27... Re4+ $2 28. Kd2 $18) 28. Rg1
$2 Rxe7 $19 {...Bf3+! is the strong threat.} 29. Kd2 h5 30. Rd8+ Kg7 31. Be2 {
[#]} Bf3 {[%cal Rf3e2][%mdl 512]} 32. Rxg4+ Bxg4 ({Resist} 32... hxg4 33. Bxf3
gxf3 34. Rd3 $17) 33. Bxg4 hxg4 {[%mdl 4096] Endgame KR-KR} 34. Ke3 $2 (34. Ke2
) 34... Rf7 35. Ke2 Kf6 36. Rg8 Rg7 37. Rd8 g3 38. Kf1 gxf2 39. a4 (39. Kxf2
$142 Ke5 40. a4) 39... Rg1+ {Weighted Error Value: White=0.44/Black=0.17} 0-1

[Event "36th European Club Cup 2021"]
[Site "Struga"]
[Date "2021.09.22"]
[Round "5.17"]
[White "Predke, Alexandr"]
[Black "Ranaldi, Lucas"]
[Result "1-0"]
[WhiteElo "2662"]
[BlackElo "2325"]
[Annotator "TA"]
[PlyCount "89"]
[EventDate "2021.09.18"]
[EventType "team-tourn"]
[EventCountry "MKD"]
[SourceTitle "playchess.com"]
[Source "ChessBase"]
[SourceQuality "1"]

{[%evp 15,89,10,12,4,10,0,1,0,0,15,25,18,69,58,69,54,62,60,79,37,72,78,58,62,
122,115,183,130,131,120,166,110,100,108,106,104,107,101,83,92,97,39,45,26,42,
33,16,0,0,-14,-12,-16,75,75,75,69,85,75,261,248,672,660,745,741,736,732,725,
717,802,788,1160,1148,1119,361,1120,1118]} 1. d4 Nf6 2. c4 e6 3. Nc3 Bb4 4. Qc2
O-O 5. Nf3 c5 6. dxc5 Na6 7. g3 Nxc5 8. Bg2 b6 9. O-O {E39: Nimzo-Indian:
Classical: 4...c5 5 dxc5 0-0.} Bb7 10. Nb5 {a3 is the strong threat.} Be4 11.
Qd1 {Black must now prevent a3.The position is equal.} Nb7 12. a3 $1 {12.a3 is
better than 12.Bf4.} Be7 13. Bf4 d6 (13... Rc8 $11) 14. Nc3 Bc6 15. b4 $1 Rc8 {
[#]} 16. Rc1 $146 ({Predecessor:} 16. Qb3 d5 17. cxd5 Nxd5 18. Rad1 Qe8 19. Be5
Nxc3 20. Bxc3 Ba4 21. Qb2 Bxd1 22. Rxd1 {0-1 (93) Tang,A (3082)-Pulpan,J (2649)
Chess.com INT 2020}) 16... Qd7 17. Qb3 (17. e4 $5) 17... Rfd8 18. Rfd1 Qe8 19.
Qb1 a6 (19... Rd7 $14) 20. e4 $1 $16 h6 (20... Ng4 $16) 21. h3 (21. Be3 $1 $18)
21... b5 22. cxb5 axb5 23. Nd4 (23. Be3 $18) 23... Bd7 24. Be3 e5 25. Nf5 Ra8
26. Nxe7+ Qxe7 27. Qd3 Qe8 28. Nd5 (28. Ra1 $1 $16) 28... Nxd5 $14 29. Qxd5
Rdb8 30. Bf1 {Hoping for Rc7.} Rxa3 31. Bb6 $36 {[%mdl 2048] White has the
initiative.} Be6 32. Qc6 Qxc6 33. Rxc6 Bc4 (33... Ra4 $11) 34. Bxc4 $16 bxc4
35. Rxc4 Rb3 36. Rd5 Kf8 $2 {[#] A mistake that costs the game.} (36... Kh7 $16
) 37. Bc7 $1 $18 {[%cal Rc7b8]} Re8 {[#]} (37... Ra8 38. Rb5 (38. Bxd6+ Nxd6
39. Rxd6 Ra7 $16) 38... Nd8 39. Bxd6+ Kg8 40. Bxe5 (40. Rxe5 Ra1+ 41. Kg2 Ne6
$18) 40... Ne6) 38. Rb5 $1 Nd8 39. Bxd6+ Kg8 40. Rc8 Rb1+ 41. Kg2 Kh7 42. Rbb8
Nb7 43. Rxe8 Nxd6 44. Rh8+ Kg6 45. Rb6 {Weighted Error Value: White=0.08/
Black=0.36} 1-0

[Event "36th European Club Cup 2021"]
[Site "Struga"]
[Date "2021.09.22"]
[Round "5.18"]
[White "Haarr, Jon Kristian"]
[Black "Pancevski, Filip"]
[Result "0-1"]
[WhiteElo "2162"]
[BlackElo "2496"]
[Annotator "ChessBase"]
[PlyCount "70"]
[EventDate "2021.09.18"]
[EventType "team-tourn"]
[EventCountry "MKD"]
[SourceTitle "playchess.com"]
[Source "ChessBase"]
[SourceQuality "1"]
[TimeControl "40/5400+30:1800+30"]

1. e4 {[%emt 0:00:12]} d6 {[%emt 0:00:05]} 2. d4 {[%emt 0:00:13]} Nf6 {[%emt 0:
00:03]} 3. Nc3 {[%emt 0:01:19]} e5 {[%emt 0:00:06]} 4. Nf3 {[%emt 0:00:59]}
Nbd7 {[%emt 0:00:07]} 5. Rg1 {[%emt 0:00:58]} g6 {[%emt 0:39:44]} 6. g4 {
[%emt 0:01:26]} c6 {[%emt 0:01:06]} 7. g5 {[%emt 0:01:18]} Nh5 {[%emt 0:00:05]}
8. Be3 {[%emt 0:02:01]} Bg7 {[%emt 0:07:47]} 9. Qd2 {[%emt 0:04:10]} O-O {
[%emt 0:01:06]} 10. O-O-O {[%emt 0:01:14]} Qa5 {[%emt 0:00:40]} 11. Kb1 {
[%emt 0:09:28]} Re8 {[%emt 0:01:30]} 12. a3 {[%emt 0:24:19]} Qc7 {[%emt 0:04:
46]} 13. Be2 {[%emt 0:03:58]} a5 {[%emt 0:11:50]} 14. Nh4 {[%emt 0:04:04]} Nf4
{[%emt 0:01:56]} 15. Bxf4 {[%emt 0:02:10]} exf4 {[%emt 0:00:07]} 16. Qxf4 {
[%emt 0:00:44]} b5 {[%emt 0:06:15]} 17. Rg3 {[%emt 0:06:46]} Nb6 {[%emt 0:04:
04]} 18. Nf5 {[%emt 0:13:30]} gxf5 {[%emt 0:07:30]} 19. exf5 {[%emt 0:00:02]}
Rxe2 {[%emt 0:03:26]} 20. Nxe2 {[%emt 0:00:02]} Nd5 {[%emt 0:02:29]} 21. Qe4 {
[%emt 0:04:17]} Qd7 {[%emt 0:00:51]} 22. Rf3 {[%emt 0:04:48]} b4 {[%emt 0:02:
54]} 23. a4 {[%emt 0:05:27]} Ba6 {[%emt 0:01:36]} 24. Ng3 {[%emt 0:01:48]} Re8
{[%emt 0:00:25]} 25. Qh4 {[%emt 0:00:11]} Be2 {[%emt 0:01:33]} 26. Nxe2 {
[%emt 0:00:06]} Rxe2 {[%emt 0:00:01]} 27. f6 {[%emt 0:00:32]} Bf8 {[%emt 0:00:
25]} 28. g6 {[%emt 0:06:07]} fxg6 {[%emt 0:00:28]} 29. f7+ {[%emt 0:00:19]} Kg7
{[%emt 0:00:40]} 30. Qg5 {[%emt 0:01:17]} Qe7 {[%emt 0:01:00]} 31. Qg1 {
[%emt 0:01:34]} Qe4 {[%emt 0:00:25]} 32. Rfd3 {[%emt 0:00:08]} b3 {[%emt 0:00:
50]} 33. f3 {[%emt 0:01:01]} bxc2+ {[%emt 0:00:08]} 34. Ka2 {[%emt 0:00:05]}
cxd1=Q {[%emt 0:00:42]} 35. Rxd1 {[%emt 0:00:28]} Qc2 {[%emt 0:00:14]} 0-1

[Event "36th European Club Cup 2021"]
[Site "Struga"]
[Date "2021.09.22"]
[Round "5.19"]
[White "Grischuk, Alexander"]
[Black "Donchenko, Alexander"]
[Result "1/2-1/2"]
[WhiteElo "2775"]
[BlackElo "2641"]
[Annotator "TA"]
[PlyCount "91"]
[EventDate "2021.09.18"]
[EventType "team-tourn"]
[EventCountry "MKD"]
[SourceTitle "playchess.com"]
[Source "ChessBase"]
[SourceQuality "1"]

{[%evp 12,91,15,16,33,22,14,0,9,21,20,24,24,0,0,0,0,0,0,0,71,63,60,74,76,49,57,
57,61,48,61,54,68,72,77,48,38,35,52,29,32,0,0,0,0,0,0,0,0,0,0,0,0,0,26,0,0,0,0,
0,0,0,0,0,0,0,0,0,0,0,0,0,0,0,0,0,0,0,0,0,0,0]} 1. e4 c5 2. Nf3 d6 3. d4 cxd4
4. Nxd4 Nf6 5. Nc3 a6 6. h3 e5 7. Nde2 h5 {B90: Sicilian Najdorf: Unusual
White 6th moves, 6 Be3 Ng4 and 6 Be3 e5.} 8. Bg5 Be6 9. Ng1 Nbd7 10. Nf3 Rc8
11. Bd3 Be7 {[#]} 12. Be3 $146 ({Predecessor:} 12. Qe2 Nc5 13. O-O Nh7 14. Be3
g5 15. Nh2 g4 16. hxg4 hxg4 17. Nxg4 Nf6 {1/2-1/2 (17) Mayorov,B-Utrera Zunda,
E ICCF email 2017}) 12... d5 13. exd5 Bxd5 14. Nxd5 Nxd5 15. Bd2 Nb4 (15... Nc5
$11 {remains equal.} 16. Qe2 (16. Nxe5 Bf6 $11) 16... Nxd3+ 17. cxd3 O-O) 16.
Bxb4 $16 Bxb4+ 17. c3 Be7 18. Bf5 Bf6 19. Qe2 {[#] Hoping for 0-0-0.} Rc7 20.
O-O-O O-O 21. g4 Qe7 22. Kb1 {And now g5! would win.} Nc5 23. g5 Bxg5 24. Nxg5
Qxg5 25. Qxe5 Qe7 $1 {[%cal Re7e5]} 26. Rhe1 (26. Qg3 {feels hotter.} Ne6 27.
Bc2 Qf6 28. Rd5 Rc5 29. Rxc5 Nxc5 30. f4) 26... Qxe5 27. Rxe5 g6 28. Bc2 Kg7
29. f4 f6 30. Re3 f5 $1 31. b4 Ne4 32. Kb2 Rf6 33. Rd4 Re6 {The position is
equal.} 34. a4 h4 35. a5 Kf6 36. c4 {[%cal Rc2e4]} Nf2 37. Rf3 Re2 38. c5 Ne4
39. Rfd3 Nf2 40. Rd6+ Kf7 41. Rd7+ Kf8 42. Rd8+ Kg7 43. Rf3 Ne4 44. Rfd3 Nf2
45. Rf3 Ne4 46. Rfd3 {Weighted Error Value: White=0.04/Black=0.04} 1/2-1/2

[Event "36th European Club Cup 2021"]
[Site "Struga"]
[Date "2021.09.22"]
[Round "5.20"]
[White "Demchenko, Anton"]
[Black "Malakhov, Vladimir"]
[Result "1-0"]
[WhiteElo "2610"]
[BlackElo "2666"]
[Annotator "TA"]
[PlyCount "61"]
[EventDate "2021.09.18"]
[EventType "team-tourn"]
[EventCountry "MKD"]
[SourceTitle "playchess.com"]
[Source "ChessBase"]
[SourceQuality "1"]

{[%evp 17,61,25,23,26,26,27,35,26,26,28,27,27,29,27,52,0,0,0,48,14,20,22,44,27,
44,52,81,74,57,45,45,45,49,47,48,51,41,52,108,109,103,95,128,136,385,380]} 1.
e4 e5 2. Nf3 Nc6 3. Bc4 Bc5 4. d3 h6 5. c3 Nf6 6. b4 Bb6 7. a4 a6 8. O-O O-O 9.
Nbd2 d6 10. h3 {C54: Giuoco Piano: 4 c3 Nf6, main lines with 5 d4 and 5 d3.} a5
11. b5 Ne7 12. Re1 {White is slightly better.} Ng6 {[#]} 13. d4 $146 ({
Predecessor:} 13. Nf1 Qe7 14. Ng3 Be6 15. Ba2 Rad8 16. d4 Kh8 17. Qc2 Bc8 18.
Nf5 Qe8 19. Bb1 Kh7 20. g4 Nf4 21. Bxf4 exf4 22. e5 g6 23. exf6 Qd7 24. Re7 {
1-0 (24) Moreno Ramos,A (1734)-Suarez Pazos,A (1753) Las Palmas 2015}) 13...
Re8 14. Bb2 c6 15. Bf1 Be6 16. c4 (16. Rb1 $14) 16... exd4 $11 17. Nxd4 Qc7 18.
Ra3 {[%cal Ba1a3,Ba3e3,Be3g3][%mdl 32]} Rad8 19. Rae3 Bc8 20. N2b3 Nd7 21. Qc2
Nc5 22. Nxc5 Bxc5 23. Rg3 cxb5 24. cxb5 Bb6 $1 25. Qd2 d5 26. exd5 Rxe1 27.
Qxe1 Rxd5 (27... Qc5 $14) 28. Qe8+ $16 Kh7 {[#] Hoping for ...Re5.} 29. Bd3 $1
{Black must now prevent Rxg6.} Rd6 {[#]} ({Don't go for} 29... Bxd4 $2 30.
Bxg6+ fxg6 31. Qxg6+ Kh8 32. Qe8+ Kh7 33. Qe4+ {[%mdl 64] Double Attack} Kh8
34. Qe8+ Kh7 35. Qe4+ {[%mdl 64] Double Attack} Kh8 36. Qe8+ $18) 30. Qe5 $1 {
Strongly threatening Ne6!} Kh8 $2 (30... Qc5 $16 31. Qxc5 Bxc5) 31. Bxg6 {
[%cal Re5e8] Weighted Error Value: White=0.05/Black=0.18} ({Weaker is} 31. Qe8+
Kh7 $14) 1-0

[Event "36th European Club Cup 2021"]
[Site "Struga"]
[Date "2021.09.22"]
[Round "5.21"]
[White "Zvjaginsev, Vadim"]
[Black "Antipov, Mikhail Al."]
[Result "1/2-1/2"]
[WhiteElo "2603"]
[BlackElo "2607"]
[Annotator "TA"]
[PlyCount "96"]
[EventDate "2021.09.18"]
[EventType "team-tourn"]
[EventCountry "MKD"]
[SourceTitle "playchess.com"]
[Source "ChessBase"]
[SourceQuality "1"]

{[%evp 10,96,-8,-5,0,7,8,0,0,-25,-36,-37,-16,-18,-15,-9,-9,-13,-6,-12,-5,-16,
-16,-40,-35,-25,-33,-32,-31,-40,-21,-62,-43,-81,-37,-38,-39,-48,-39,-62,-15,
-16,-16,-16,-19,-19,-15,-19,-19,-22,-29,-27,-25,-30,-6,-8,0,-2,-2,-4,0,0,0,0,0,
-3,0,-12,-14,-32,-32,-33,-33,-33,-39,-36,-21,-20,-8,-8,-8,-8,-8,-8,-9,-25,0,0,
0]} 1. e4 e5 2. Nf3 Nc6 3. d3 Nf6 4. g3 d5 5. exd5 Nxd5 6. Bg2 Bd6 {C44:
Ponziani Opening and Scotch Gambit.} 7. O-O O-O {[#]} 8. a4 $146 ({Predecessor:
} 8. Re1 Bg4 9. h3 Bh5 10. c3 Nb6 11. a4 a5 12. Na3 Bxa3 13. Rxa3 f6 14. Ra1 {
1/2-1/2 (31) Zvjaginsev,V (2617)-Demchenko,A (2641) Cheliabinsk 2020}) 8... Bf5
9. Nc3 Ndb4 10. Bg5 Qd7 11. Ne4 h6 12. Bd2 Be7 13. Bxb4 Bxb4 14. c3 Be7 15. b4
Rad8 16. Re1 {next b5 is good for White.} Qxd3 17. Qxd3 Rxd3 18. b5 Na5 19.
Nxe5 Rdd8 20. h4 Rfe8 21. Nf3 Nb3 22. Rab1 Be6 23. Re3 Kf8 24. Rbe1 Nc5 25. Nd4
Bc8 26. Nxc5 Bxc5 27. Rxe8+ Rxe8 28. Rd1 Bg4 29. Ra1 b6 30. Bc6 Rd8 31. a5 g6
32. Kg2 Kg7 33. Nb3 Bd6 34. Nd4 bxa5 35. Rxa5 Bc5 36. Ra1 Bb6 37. Re1 Kf6 38.
Re4 Bc8 39. g4 a6 40. bxa6 Bxa6 41. Rf4+ Kg7 42. Bf3 Bc5 43. h5 Bc8 44. hxg6
fxg6 45. Re4 Kf6 46. Rf4+ Kg5 47. Re4 {[#] Strongly threatening Re5+.} Kf6 48.
Rf4+ Kg5 {Weighted Error Value: White=0.05/Black=0.06} 1/2-1/2

[Event "36th European Club Cup 2021"]
[Site "Struga"]
[Date "2021.09.22"]
[Round "5.22"]
[White "Lomasov, Semyon"]
[Black "Rublevsky, Sergei"]
[Result "1-0"]
[WhiteElo "2526"]
[BlackElo "2641"]
[Annotator "TA"]
[PlyCount "107"]
[EventDate "2021.09.18"]
[EventType "team-tourn"]
[EventCountry "MKD"]
[SourceTitle "playchess.com"]
[Source "ChessBase"]
[SourceQuality "1"]

{[%evp 9,107,10,51,36,20,13,26,29,33,33,39,36,27,28,94,51,99,92,127,124,120,
128,158,133,206,206,224,216,212,205,187,201,333,344,325,323,329,244,247,231,
270,271,268,260,271,275,265,269,264,264,296,302,265,298,274,281,450,452,433,
429,529,529,529,264,413,413,418,0,247,0,529,529,529,529,529,529,522,522,462,
302,509,458,447,447,619,611,834,825,740,555,552,549,466,421,1095,1095,1045,
1026,1010,937]} 1. e4 c5 2. Nf3 e6 3. d4 cxd4 4. Nxd4 a6 5. a3 b5 6. Nd2 {
B41: Sicilian: Kan Variation: 5 c4.} Bb7 7. Bd3 Nc6 {[#]} 8. Nxc6 $146 {
White has an edge.} ({Predecessor:} 8. N4f3 Qc7 9. Nf1 Nf6 10. Ng3 Be7 11. O-O
O-O 12. Re1 d6 13. Rb1 Rfd8 14. c3 {0-1 (23) Bugueno,M (1686)-Caro,C (1857)
Santiago de Chile 2004}) 8... Bxc6 9. b4 Ne7 10. Bb2 Ng6 11. g3 Qc7 (11... f6
$11 {keeps the balance.}) 12. Qh5 a5 13. a4 $1 (13. Bxb5 $6 axb4 14. a4 Bxb5
$11) 13... Bxb4 14. axb5 Bb7 15. Bxg7 Rg8 16. Bf6 (16. Qxh7 $2 Rxg7 $1 {
[%mdl 512]} 17. Qxg7 Bc3 $19) 16... Bc3 (16... h6 $16) 17. Bxc3 $1 $18 (17.
Qxh7 $2 Bxf6 18. Qxg8+ Ke7 $19) 17... Qxc3 18. Ra4 d5 19. Ke2 $1 (19. Qxh7 $2
Rh8 $19) 19... Ne5 20. Rha1 (20. Qxh7 O-O-O $16) 20... dxe4 (20... Nxd3 $142
21. cxd3 Rg7) 21. Nxe4 Bxe4 22. Bxe4 O-O-O {White must now prevent ...Rd2+.}
23. Qh6 (23. Kf1 Rd2 $16) 23... Rg4 {And now ...Rxe4+! would win.} 24. Qe3
Qxe3+ 25. fxe3 Kc7 26. b6+ $1 {[%mdl 64] Decoy} (26. Bxh7 Rxa4 27. Rxa4 Kb6 $14
) 26... Kxb6 {[#]} 27. Rb1+ $1 ({And not} 27. Bxh7 Rxa4 28. Rxa4 Rh8 $17) (27.
h3 Rxg3 28. Rb1+ (28. Rxa5 Rxe3+ {[%mdl 64] Decoy} 29. Kxe3 Nc4+ {[%mdl 64]
Double Attack} 30. Kf4 Nxa5 $11) 28... Kc7 $16) 27... Kc7 {[#]} 28. Rb7+ Kc8
29. Rb5 f6 30. Rbxa5 Kd7 31. Ra7+ ({Don't do} 31. Bxh7 $6 Rxa4 32. Rxa4 Rh8 $18
) 31... Ke8 32. Rxh7 ({Much less strong is} 32. Bxh7 $6 Rxa4 33. Rxa4 Rb8 $18)
32... f5 $2 {[#]} (32... Kf8 33. Raa7 Kg8) 33. Raa7 $1 Kf8 34. Bf3 Rg6 35. Bh5
Rg5 36. Rh8+ Rg8 37. Rh6 {White threatens Rf6+ and mate.} Rg5 38. Rh8+ (38. Rc7
$142) 38... Rg8 39. Rhh7 (39. Rxg8+ Kxg8 40. Rc7) 39... Rg5 $1 40. Bf7 Nxf7 41.
Rhxf7+ {[%mdl 4096] Endgame KRR-KRR} Kg8 42. Rfe7 Rg6 43. Ra6 Rc8 44. Kf3 Rg4
$2 (44... Kf8 {was called for.} 45. Rexe6 Rxe6 46. Rxe6 Rxc2) 45. Rexe6 {
White is clearly winning.} Rxc2 46. Re8+ Kf7 47. Re5 Rg5 48. h4 {Hoping for
Ra7+.} Rh5 49. Rb5 {Threatening mate with Rb7+.} Rc7 50. Rd6 Ke7 51. Rdd5 Ke6 (
51... Kf6 $142 52. Rb6+ Kg7) 52. Re5+ Kf6 53. Kf4 Rc4+ 54. e4 {Weighted Error
Value: White=0.23/Black=0.32} 1-0